| 000 | 008070000a22002410004500 | ||
|---|---|---|---|
| 003 | LK-CoMWRAF | ||
| 005 | 20240118121515.0 | ||
| 008 | 230817t1999 ||||| |||| 00| 0 eng d | ||
| 040 |
_aLK-CoMWRAF _dLK-CoMWRAF _eLK-CoMWRAF |
||
| 041 | _aeng | ||
| 082 |
_a305.42 _bREG |
||
| 245 |
_aTheravada women regain their lost legacy ; _b& women and global crisis |
||
| 260 |
_aColombo: _bVoice of Women, _c[1999] |
||
| 300 |
_a75 p. ; 21 cm. _bBibliography included |
||
| 490 |
_aVIKASHA Production _v2 |
||
| 650 | _a Buddhist monasticism and religious orders for women--Sri Lanka--History | ||
| 650 | _aTheravÄda Buddhism | ||
| 650 | _aWomen in development--Political aspects | ||
| 650 | _aFeminism--International cooperation. | ||
| 700 | _aGoonetilake, Hema | ||
| 700 | _aBandarage, Asoka | ||
| 942 | _cBK | ||
| 999 |
_c2904 _d2904 |
||